000 00735nam a22002537a 4500
003 UA-OsUOA
001 26439
007 ta
008 20040602b un ||||| |||| 00| 0 ukr d
100 _aСамуль В.И.
090 _a539_(075)
_bС17
942 _cBK
040 _aUA-OsUOA
_brus
_cUA-OsUOA
_dUA-OsUOA
245 _aОсновы теории упругости и пластичности
_bУчебное пособие для студентов вузов
300 _a264 с.
_bІлюстрації
955 _a0
041 _arus
080 _a539_(075)
260 _aМосква
_bВысшая школа
_c1982
044 _aRU
250 _n2-е изд. перераб.
650 7 _2UDC
999 _c312762
_d312762